| 000 | 01262nam a2200313 4500 | ||
|---|---|---|---|
| 001 | 0000018454 | ||
| 003 | CO-CtgCURN | ||
| 005 | 20250429224120.0 | ||
| 007 | ta | ||
| 008 | 160627s1994 000 0 eng d | ||
| 020 | _a9788478270972 | ||
| 040 |
_aCO-CtgCURN _bspa _ccoctgcurn |
||
| 082 | 0 |
_a370.1 _bP694 |
|
| 245 | 0 | 0 |
_aPlanteamientos de la pedagogia critica : _bcomunicar y transformar / _cAna Ayuste... [et al.]. |
| 250 | _a1a ed. | ||
| 260 |
_aMadrid : _bGrao, _c1994. |
||
| 300 | _a2005 p. | ||
| 336 | _2rdacontent | ||
| 337 |
_2rdamedia _asin mediacion _bn |
||
| 338 |
_2rdacarrier _avolumen _bnc |
||
| 490 | 1 | _aFundamentos de la educación : 120 | |
| 504 | _aBibliografia (p.121-122) | ||
| 505 | 8 | _aTenemos notivos para ser personas criticas? Componente educativo del Darwinismo social.--Educación y enfoques criticos.--Un nuevo enfoque critico: la perspectiva comunicativa.--Movimientos sociales y educación critica.--Cambio de terminos o de saberes?.--Por que muchos fracasan? Niños, maestros, familias o escuelas.--La reforma permanente | |
| 650 | 1 | 4 | _aPedagogia critica. |
| 700 | 1 | _aAyuste, Ana. | |
| 908 | _a160627 | ||
| 942 |
_cBK _h370.1 _iP694 _2ddc |
||
| 999 |
_c39421 _d39421 |
||